Diálogo de doctrina cristiana / (Registro nro. 150508)

Detalles MARC
000 -LEADER
campo de control de longitud fija 00761nam a2200181 i 4500
001 - NÚMERO DE CONTROL
campo de control 150508
003 - IDENTIFICADOR DE NÚMERO DE CONTROL
campo de control ES-MaACL
005 - FECHA Y HORA DE LA ÚLTIMA TRANSACCIÓN
campo de control 20250916063053.0
007 - CAMPO FIJO DE DESCRIPCIÓN FÍSICA--INFORMACIÓN GENERAL
campo de control de longitud fija t|
008 - DATOS DE LONGITUD FIJA--INFORMACIÓN GENERAL
campo de control de longitud fija 071031s1929 sp ||||1| spa d
100 1# - ENTRADA PRINCIPAL--NOMBRE DE PERSONA
Nombre de persona Valdés, Juan de,
Fechas asociadas al nombre ca. 1509-1542
9 (RLIN) 154741
245 10 - MENCIÓN DEL TÍTULO
Título Diálogo de doctrina cristiana /
Mención de responsabilidad, etc. Juan de Valdés ; nuevamente compuesto por un religioso, dirigido al muy ilustre señor D. Diego López Pacheco, marqués de Villena.
250 ## - MENCION DE EDICION
Mención de edición Impreso en 1529 en Alcalá de Henares y publicado nuevamente con motivo del cuarto centenario Madrid.
260 ## - PUBLICACIÓN, DISTRIBUCIÓN, ETC.
Lugar de publicación, distribución, etc. [Madrid :
Nombre del editor, distribuidor, etc. J. Sánchez Ocaña],
Fecha de publicación, distribución, etc. 1929 (
Lugar de fabricación/manufactura Alcalá de Henares :
Fabricante Miguel de Eguía)
300 ## - DESCRIPCIÓN FÍSICA
Extensión 141 p. ;
Dimensiones 18 cm.
852 ## - LOCALIZACIÓN
Ubicación ES-MaACL
Número de control de estantería A-4088
Existencias
Estatus retirado Estado de pérdida Estado de daño No para préstamo Biblioteca de origen Biblioteca actual Ubicación en estantería Fecha de adquisición Fuente de adquisición Total de préstamos Signatura topográfica completa Código de barras Visto por última vez Precio de reemplazo Tipo de ítem Koha
        Biblioteca del Ateneo de Madrid Biblioteca del Ateneo de Madrid Sala Pecera Planta 1 17/01/2008     A-4088 1157053 23/02/2023 23/02/2023 Libro impreso